Methods of research and thesis writing/ (Record no. 363871)
[ view plain ]
| 000 -LEADER | |
|---|---|
| fixed length control field | 00415nam a2200121Ia 4500 |
| 008 - FIXED-LENGTH DATA ELEMENTS--GENERAL INFORMATION | |
| fixed length control field | 200626s9999 xx 000 0 und d |
| 020 ## - INTERNATIONAL STANDARD BOOK NUMBER | |
| International Standard Book Number | 971-085-508-5 |
| 100 ## - MAIN ENTRY--PERSONAL NAME | |
| Personal name | Calderon, Jose F. |
| 245 ## - TITLE STATEMENT | |
| Statement of responsibility, etc | Jose F. Calderon, Expectacion C. Gonzalez.-- |
| Title | Methods of research and thesis writing/ |
| 260 ## - PUBLICATION, DISTRIBUTION, ETC. (IMPRINT) | |
| Place of publication, distribution, etc | Mandaluyong City: |
| Name of publisher, distributor, etc | National Bookstore |
| Date of publication, distribution, etc | 1993 |
| 300 ## - PHYSICAL DESCRIPTION | |
| Extent | xiv, 263 pages |
| 500 ## - GENERAL NOTE | |
| General note | Includes Bibliography and Index |
| Withdrawn status | Lost status | Source of classification or shelving scheme | Damaged status | Home library | Current library | Shelving location | Date acquired | Source of acquisition | Total Checkouts | Full call number | Barcode | Date last seen | Price effective from | Koha item type |
|---|---|---|---|---|---|---|---|---|---|---|---|---|---|---|
| Library of Congress Classification | Southville International School Affiliated with Foreign Universities Library | Southville International School Affiliated with Foreign Universities Library | 06/27/2020 | Donation | LB 2369 .C146 1993 | SFU1354 | 06/27/2020 | 06/27/2020 | Books |